Hybrid ARIMA-neural network model for prediction of water consumption aggregate

Hybridné modely a metódy. ARIMA model. Neurónové siete (neural network - NN). Prognózy dostupnosti vody v krajinách Stredomoria. ARIMA modely pre modelovanie časových radov. Výsledky prieskumu.

Salvato in:
Dettagli Bibliografici
Autore principale: Šterba, Ján
Altri autori: Rublíková, Eva, Caridad y Ocerín, José M.
Natura: Capitolo di libro
Lingua:inglese
Soggetti:
Tags: Aggiungi Tag
Nessun Tag, puoi essere il primo ad aggiungerne!!

MARC

LEADER 00000naa$a2200000$$$4500
001 0148329
005 20240502083341.5
041 0 |a eng 
044 |a US 
245 1 0 |a Hybrid ARIMA-neural network model for prediction of water consumption aggregate  |c Ján Šterba, Eva Rublíková, José M. Caridad y Ocerín 
520 |a Hybridné modely a metódy. ARIMA model. Neurónové siete (neural network - NN). Prognózy dostupnosti vody v krajinách Stredomoria. ARIMA modely pre modelovanie časových radov. Výsledky prieskumu. 
610 2 0 |a modely matematicko-štatistické 
610 2 0 |a siete neurónové 
610 2 0 |a voda 
610 2 0 |a prognózy 
610 2 0 |a Stredomorie 
610 2 0 |a prieskum 
100 1 |a Šterba, Ján 
700 1 |a Rublíková, Eva 
700 1 |a Caridad y Ocerín, José M.